Formel 1: Teams nach Siegquote - Statistiken

Allgemein
  • Dieses Quiz wurde 195 mal gespielt
  • Das Durchschnittsergebnis liegt bei 8 aus 22
Antwortstatistiken
aktiv Starts Siegquote Team % Korrekt
1954 - 293 🇩🇪 42,66% Mercedes
96%
1950 - 1073 🇮🇹 20,65% Ferrari
91%
2005 - 369 🇦🇹 30,62% Red Bull
90%
1966 - 946 🇬🇧 19,34% McLaren
72%
2009 17 🇬🇧 47,06% Brawn
69%
1977 - 2020 399 🇫🇷 8,77% Renault
69%
1969 - 894 🇬🇧 12,75% Williams
66%
1956 - 2006 88 🇯🇵 3,41% Honda
46%
1950 - 2023 214 🇮🇹 5,14% Alfa Romeo
44%
1958 - 2015 604 🇬🇧 12,58% Lotus
41%
1950 - 1957 43 🇮🇹 20,93% Maserati
29%
1986 - 2001 260 🇬🇧 10,38% Benetton
26%
1991 - 2005 250 🇬🇧 1,60% Jordan
19%
1956 - 1992 400 🇬🇧 8,75% Brabham
18%
1951 - 1960 29 🇬🇧 34,48% Vanwall
18%
1953 - 1968 114 🇬🇧 10,53% Cooper
15%
1977 - 1996 255 🇫🇷 2,77% Ligier
14%
1951 - 1977 203 🇬🇧 8,37% BRM
10%
1966 - 1998 465 🇬🇧 7,10% Tyrrell
8%
1976 - 1979 58 🇨🇦 5,17% Wolf
6%
1970 - 1992 194 🇬🇧 1,03% March
3%
1953 - 1970 32 🇬🇧 7,50% Rob Walker Racing
0%
Keine übereinstimmenden Quizze gefunden
Verteilung der Resultate
Anzahl Personen mit jedem Resultat
Perzentil nach korrekt beantworteten Fragen
Ihre Resultats-Entwicklung
Sie haben dieses Quiz noch nicht gespielt